000 00701nam a22002297a 4500
005 20170124110037.0
010 _aA-048607
020 _c00.00
_a0213166445
035 _aA-048607
037 _bCen Lib/Ret
040 _aDPL
_bEN
082 _a929.71
_bSMY
100 _aSmyth, Sir John
_922906
245 _aGreat stories of the Victoria Cross /
_cby Sir John Smyth
260 _aLondon
_bArthur Barker Limited
_c1977
270 _a11 St John's Hill
_bLondon
_eSW11
300 _a192p. :
_c21cm(Hb)
_bill.
500 _aIncludes bibliographical references and index.
650 _aVictoria Cross
_922907
650 _aGreat Britain
_922908
942 _2ddc
_cEN
_h929.71
_mSMY
999 _c128277
_d128277